Golden hours with Samuel Taylor Coleridge
Colección de los trabajos más representativos de Samuel Taylor Coleridge, específicamente sus poemas más conocidos, entre ellos “The Rime of The Ancient Mariner“. Asimismo contiene varias ilustraciones realizadas por HK Elcock
Պահպանված է:
| Հիմնական հեղինակ: | |
|---|---|
| Ձևաչափ: | Գիրք |
| Լեզու: | Undetermined |
| Հրապարակվել է: |
Londres, Inglaterra
Collins Cleartype
[s.f.]
|
| Խորագրեր: | |
| Ցուցիչներ: |
Ավելացրեք ցուցիչ
Չկան պիտակներ, Եղեք առաջինը, ով նշում է այս գրառումը!
|
MARC
| LEADER | 00000nam a2200000Ia 4500 | ||
|---|---|---|---|
| 008 | 170316s9999 xx 000 0 und d | ||
| 040 | |a cru BVZT | ||
| 090 | |a 820 C-10p | ||
| 100 | |a Coleridge, Samuel Taylor | ||
| 245 | |a Golden hours with Samuel Taylor Coleridge | ||
| 260 | |a Londres, Inglaterra | ||
| 260 | |b Collins Cleartype | ||
| 260 | |c [s.f.] | ||
| 300 | |a 398 páginas | ||
| 520 | |a Colección de los trabajos más representativos de Samuel Taylor Coleridge, específicamente sus poemas más conocidos, entre ellos “The Rime of The Ancient Mariner“. Asimismo contiene varias ilustraciones realizadas por HK Elcock | ||
| 650 | |a LITERATURA INGLESA |9 12 | ||
| 999 | |c 6763 |d 6763 | ||
| 942 | |c 15 D |h 820 C-10p |2 z | ||
